| 000 | 00393nam a22001457a 4500 | ||
|---|---|---|---|
| 005 | 20241202141012.0 | ||
| 008 | 241202b |||||||| |||| 00| 0 eng d | ||
| 100 | _aWIMMER D. ROGER | ||
| 245 |
_aMASS MEDIA _bAN INTRODUCTION |
||
| 250 | _aFIFTH ED. | ||
| 260 |
_aBELMONT _bWADSWORTH PUB., COMP. |
||
| 500 | _aXIII,498p.,ILLUS APPENDIX,INDEX | ||
| 700 | _aDOMINIC R. JOSEPH | ||
| 942 |
_2lcc _cBK _n0 |
||
| 999 |
_c1897 _d1897 |
||